Planetas por Imagen - Estadísticas

Estadísticas generales
  • Esta prueba ha sido intentada 5.205 veces
  • La puntuación promedio es 7 de 8
Estadísticas de respuestas
Imagen Respuesta % Correcto
Tierra
99%
Saturno
98%
Marte
91%
Venus
86%
Júpiter
85%
Neptuno
84%
Urano
78%
Mercurio
76%
No se encontraron pruebas coincidentes
Distribución de puntuación
Porcentaje de gente con cada puntuación
Porcentaje por número respondido
Historial de tus puntuaciones
No has intentado esta prueba.